000
00260nam a2200097Ia 4500
001
1250229
005
20251031150852.0
008
251031s9999 xx 000 0 und d
245
0
_c
ROB BUYEA
_a
G-2 SINIFTAN YÜKSELEN SESLER
260
_b
ALTIN KİTAPLAR YAYINLARI
999
_c
1250229
_d
1250229